|
|
|
|
| LEADER |
01062nam a2200253 4500 |
| 001 |
40337 |
| 003 |
BD-DhAAL |
| 005 |
20230405130431.0 |
| 008 |
230405t2008 bg a|||| b||| 001 0 eng d |
| 020 |
|
|
|a 9847001900387
|
| 040 |
|
|
|a BD-DhAAL
|d BD-DhAAL
|
| 082 |
|
|
|2 19
|a 333.315492
|
| 100 |
|
|
|a Roy, Prosanta K.
|9 54020
|
| 245 |
|
|
|a Bangladesh dark facets of land rights et management :
|b with directions to agrarian reform /
|c Prosanta K. Roy
|
| 260 |
|
|
|a Dhaka :
|b A.H. Development Publ. House,
|c 2008
|
| 300 |
|
|
|a 355 pages :
|b illustrations ;
|c 22 cm.
|
| 504 |
|
|
|a Includes bibliographical references and indexes.
|
| 541 |
|
|
|a Donated Akbar Ali Khan
|e 40337
|
| 650 |
|
|
|a Land reform
|z Bangladesh
|
| 650 |
|
|
|a Agriculture and state
|z Bangladesh.
|
| 852 |
|
|
|a Ayesha Abed Library
|c Akbar Ali Khan collections
|
| 942 |
|
|
|2 ddc
|c BK
|
| 999 |
|
|
|c 45652
|d 45652
|
| 952 |
|
|
|0 0
|1 0
|2 ddc
|4 0
|6 333_315492000000000_ROY
|7 1
|9 73510
|a BRACUL
|b BRACUL
|c AAKC
|d 2023-04-05
|e Donated by Akbar Ali Khan
|g 475.00
|l 0
|o 333.315492 ROY
|p 3010040337
|r 2023-04-05
|t 1
|w 2023-04-05
|y BK
|x Price available in book
|